|
|
|
|
| LEADER |
00000nam2a2200000 4500 |
| 001 |
302430 |
| 005 |
20231102001512.0 |
| 035 |
|
|
|a (RuTPU)RU\TPU\book\327637
|
| 090 |
|
|
|a 302430
|
| 100 |
|
|
|a 20150821d1982 k y0rusy5003 ca
|
| 101 |
0 |
|
|a rus
|
| 102 |
|
|
|a RU
|
| 105 |
|
|
|a a z 000zy
|
| 200 |
0 |
|
|a Вып. 2 : Электрические методы обработки материалов
|f отв. ред. А. К. Журавский
|
| 210 |
|
|
|d 1982
|
| 215 |
|
|
|d 20 см
|a 183 с.
|c ил.
|
| 461 |
|
1 |
|0 (RuTPU)RU\TPU\book\274084
|t Технология авиастроения
|o межвузовский научный сборник
|f Уфимский авиационный институт им. Орджоникидзе
|v Вып. 2 : Электрические методы обработки материалов
|d 1976-1982
|
| 606 |
1 |
|
|a Авиастроение
|2 stltpush
|3 (RuTPU)RU\TPU\subj\106
|9 29139
|
| 606 |
1 |
|
|a Электрическая обработка металлов
|2 stltpush
|3 (RuTPU)RU\TPU\subj\26845
|9 50684
|
| 610 |
1 |
|
|a металлы
|
| 610 |
1 |
|
|a обработка
|
| 610 |
1 |
|
|a электрические методы
|
| 610 |
1 |
|
|a исследования
|
| 610 |
1 |
|
|a точность
|
| 610 |
1 |
|
|a производительность
|
| 610 |
1 |
|
|a электротехнологии
|
| 610 |
1 |
|
|a технологические процессы
|
| 610 |
1 |
|
|a композиционные материалы
|
| 610 |
1 |
|
|a сплавы
|
| 610 |
1 |
|
|a обрабатываемость
|
| 610 |
1 |
|
|a электрический пробой
|
| 675 |
|
|
|a 629.73.002
|v 3
|
| 675 |
|
|
|a 621.7.047/.048
|v 3
|
| 702 |
|
1 |
|a Журавский
|b А. К.
|4 340
|
| 801 |
|
0 |
|a RU
|b RuMRKP
|c 19950704
|g psbo
|
| 801 |
|
1 |
|a RU
|b 63413507
|c 20150821
|
| 801 |
|
2 |
|a RU
|b 63413507
|c 20170810
|g RCR
|
| 942 |
|
|
|c BK
|